Plaatsen in Nederland o.b.v. foto - Statistieken

Algemene statistieken
  • Deze quiz is 100 keer genomen
  • De gemiddelde score is 9 van 16
Antwoordstatistieken
Foto Antwoord % Correct
Amsterdam
96%
Rotterdam
96%
Assen
92%
Scheveningen
89%
Maastricht
76%
NIjmegen
70%
Den Haag
68%
Utrecht
63%
Volendam
63%
Den Bosch
39%
Groningen
35%
Den Helder
31%
Deventer
27%
Lelystad
26%
Arnhem
25%
Eindhoven
15%
Geen overeenkomende quizzen gevonden
Scoreverdeling
Procent van Mensen met Elke Score
Percentiel versus Aantal Correcte Antwoorden
Uw Scoregeschiedenis
U heeft deze quiz nog niet genomen